| 000 | 00767nam a2200205 i 4500 | ||
|---|---|---|---|
| 001 | 168092 | ||
| 003 | ES-MaACL | ||
| 005 | 20250822063223.0 | ||
| 008 | 941129s1882 sp af |||| |bspa d | ||
| 100 | 1 |
_aYxart, Josep, _d1852-1895 _9139230 |
|
| 245 | 1 | 0 |
_aFortuny _b: ensayo biográfico-crítico / _cpor José Yxart ; fotograbados de Goupil ; y grabados al cinc de Guillaume y Thomas. |
| 260 |
_aBarcelona : _bE. Doménech, _c1882. |
||
| 300 |
_a174 p., [19] h. de lám. : _bil. ; _c21 cm. |
||
| 600 | 1 | 4 |
_aFortuny, Mariano, _d1838-1874 _9127120 |
| 700 | 1 |
_aGoupil, Fréderic-Auguste-Antoine. _9167519 |
|
| 700 | 1 |
_aGuillaume. _960722 |
|
| 700 | 1 |
_aThomas, Josep, _d1853-1910 _9133224 |
|
| 852 |
_aES-MaACL _jB-736 _z- Enc. tela |
||
| 999 |
_c168092 _d168092 |
||